Effectif Equateur - Coupe du monde 2026 - Statistiques

Statistiques générales
  • Ce quiz a été pris 10 fois
  • Le résultat moyen est 8 sur 27
Statistiques - réponses
Poste Club Numéro Joueur % Correct
Défenseur Arsenal FC 3 Piero Hincapié
90%
Défenseur Paris Saint-Germain 6 Willian Pacho
90%
Milieu Royal Antwerp FC 8 Anthony Valencia
80%
Attaquant CF Pachuca 13 Enner Valencia
80%
Gardien LDU Quito 22 Gonzalo Valle
80%
Attaquant CA Huracán 16 Jordy Caicedo
80%
Milieu Chelsea FC 23 Moisés Caicedo
80%
Défenseur AC Milan 7 Pervis Estupiñán
60%
Défenseur Club Brugge KV 4 Joel Ordóñez
50%
Milieu CA River Plate 10 Kendry Páez
30%
Milieu Flamengo 19 Gonzalo Plata
10%
Attaquant Union Saint-Gilloise 11 Kevin Rodríguez
10%
Milieu AFC Sunderland 20 Nilson Angulo
10%
Sélectionneur - - Sebastián Beccacece
10%
Milieu Clube Atlético Mineiro 21 Alan Franco
0%
Milieu Clube Atlético Mineiro 14 Alan Minda
0%
Défenseur Clube Atlético Mineiro 17 Angelo Preciado
0%
Milieu FC Midtjylland 18 Denil Castillo
0%
Défenseur SC Internacional 2 Félix Torres
0%
Gardien CA Huracán 1 Hernán Galíndez
0%
Défenseur Club Tijuana 25 Jackson Porozo
0%
Milieu VfB Stuttgart 24 Jeremy Arévalo
0%
Milieu Venezia FC 9 John Yeboah
0%
Milieu Independiente del Valle 5 Jordy Alcívar
0%
Gardien AE Kifisia 12 Moisés Ramírez
0%
Milieu UNAM Pumas 15 Pedro Vite
0%
Attaquant KRC Genk 26 Yaimar Medina
0%
Aucun quiz correspondant
Distribution des résultats
% des personnes avec chaque résultat
Percentile par nombre de réponses
Votre historique - résultats
Vous n’avez pas pris ce quiz